00441nam a2200157Ia 4500008004100000020001500041041000800056082001600064100002200080245008900102250000600191260004400197300000800241650001200249700002200261210716s2004 xx 000 0 und d a8178813440 aeng a332.17 LAKS aLakshmi, S Vijay. aABC of activity- based costing: concepts and experiences.bConcepts and experiences. a1 aHyderabadbICFAI University Pressc2004 a169 aFinance aLakshmi, S Vijay.